00319nam a22001337a 4500003000500000005001700005008004100022020001800063040000800081082001600089100001800105245005300123260000900176Nust20170405124132.0170405b xxu||||| |||| 00| 0 eng d a9788183421812 cDLC a363.731 PRA 4Prasad, P. N. aIndustrial Pollution Causes, Effects and Control c2010